00509nam a2200193Ia 4500003000400000005001700004008004100021020001800062040000700080041000800087082001900095100001900114245007200133260003700205300001500242365001300257650002400270700002100294OSt20250424144756.0210423s2009 xx 000 0 und d a9788181281289 cAL aeng a531 223bGREC aWalter Greiner aClassical mechanics: systems of particles and Hamiltonian dynamics. aNew DelhibSpringer Verlagc2009 axx,542bPB b695cINR aClassical Mechanics aBromley, Allan D